000 00809nam a2200229 i 4500
001 156954
003 ES-MaACL
005 20230906210535.0
008 040805q18901905xxk |||| | eng d
040 _aCAM
_bspa
_cCAM
100 1 _aLamb, Charles.
_969793
245 1 4 _aThe essays of Elia /
_cby Charles Lamb.
260 _aLondon :
_bGeorge Routledge & Sons ;
_aNew York :
_bE.P. Dutton & Co.,
_c[s.a.] (
_eEdimburgh :
_fprinted by M'Laren and Co.)
300 _aXII, 368 p. ;
_c16 cm.
490 1 _aThe new universal library
490 1 _aThe works of Charles Lamb ;
_v1
596 _aProbablemente imp. ca. 1895-1905.
830 0 _aThe new universal library
_9187927
830 0 _aThe works of Charles Lamb ;
_v1
_9221735
852 _aES-MaACL
_jG-14921
_z-- Enc. tela
999 _c156954
_d156954